Statistics for Questions in Music

Click here to take the quiz!

General Stats

  • This quiz has been taken 32,330 times
    (19,708 since last reset)
  • The average score is 11 of 22

Answer Stats

QuestionMusical Act% Correct
Is this the real life? Is this
just fantasy?
Queen
95%
Can you feel the love tonight?Elton John
67%
How many roads must a man walk
down, before you call him a man?
Bob Dylan
66%
What's love got to do with it? Tina Turner
61%
Should I stay or should I go?The Clash
59%
Who are you? Who who? Who who?The Who
57%
What's going on?Marvin Gaye
55%
Why do you have to go and
make things so complicated?
Avril Lavigne
54%
What's new, pussycat?Tom Jones
53%
Don't cha wish your girlfriend
was a freak like me?
The Pussycat
Dolls
50%
Wouldn't it be nice if we were older?The Beach Boys
49%
Where have you gone
Joe DiMaggio?
Simon &
Garfunkel
48%
What you gon' do with all that junk?
All that junk inside your trunk?
Black Eyed Peas
43%
What do you mean?Justin Bieber
43%
Why don't we do it in the road?The Beatles
42%
Have you ever seen the rain,
comin' down on a sunny day?
Creedence
Clearwater Revival
41%
Are we human or are we dancer?The Killers
38%
How can you have any pudding if
you don't eat yer meat?
Pink Floyd
37%
Are you experienced?
Have you ever been experienced?
The Jimi Hendrix
Experience
37%
Who let the dogs out?Baha Men
31%
What's the frequency, Kenneth?R.E.M.
31%
War, what is it good for?Edwin Starr
18%

Score Distribution

Percentile by Number Answered

Percent of People with Each Score

Your Score History

You have not taken this quiz since the last reset